00745 2200265 4500001002100000005001500021035002000036007000300056008004100059020002200100082001000122084001600132100001900148245010200167250001000269260003600279300003200315500001100347500001400358650003400372700002000406504003100426990001100457990001100468INLIS00000000000424820191017105319 a0010-1019000100ta191017 g 0 ind  a978-602-1279-72-4 a612.6 a612.6 DES f0 aDESIYANI, Nani1 aFisiologi Manusia :bSiklus Reproduksi Wanita /cDesiyani Nani; penyunting naskah, Atiatul Mu'min acet.1 aJakarta :bPenebar Plus+,c2018 a122 hlm. :bilus. ;c20 cm. aIndeks aGlosarium 4aFISIOLOGI MANUSIA. REPRODUKSI0 aATIATUL, Mu'min aBibliografi : hlm. 116-117 a7023 a a7023 b